Alejandro Mon (Record no. 17971)

MARC details
000 -LEADER
campo de control de longitud fija 00726nam a2200205 i 4500
001 - NÚMERO DE CONTROL
campo de control 17971
003 - IDENTIFICADOR DE NÚMERO DE CONTROL
campo de control ES-MaACL
005 - FECHA Y HORA DE LA ÚLTIMA TRANSACCIÓN
campo de control 20230906151729.0
007 - CAMPO FIJO DE DESCRIPCIÓN FÍSICA--INFORMACIÓN GENERAL
campo de control de longitud fija t|
008 - DATOS DE LONGITUD FIJA--INFORMACIÓN GENERAL
campo de control de longitud fija 010709s2001 sp ||||1| spa d
080 ## - NÚMERO DE LA CLASIFICACIÓN DECIMAL UNIVERSAL
Número de la Clasificación Decimal Universal 929 Mon, Alejandro
100 0# - ENTRADA PRINCIPAL--NOMBRE DE PERSONA
Nombre de persona Fernández de la Mora, Gonzalo.
9 (RLIN) 49670
245 10 - MENCIÓN DEL TÍTULO
Título Alejandro Mon
Resto del título : un bicentenario : conferencia pronunciada en el RIDEA, el 26 de febrero de 2001 /
Mención de responsabilidad, etc. Gonzalo Fernández de la Mora y Mon.
260 ## - PUBLICACIÓN, DISTRIBUCIÓN, ETC.
Lugar de publicación, distribución, etc. Oviedo :
Nombre del editor, distribuidor, etc. Real Instituto de Estudios Asturianos,
Fecha de publicación, distribución, etc. 2001.
300 ## - DESCRIPCIÓN FÍSICA
Extensión 39 p. :
Otras características físicas il. ;
Dimensiones 24 cm.
600 14 - PUNTO DE ACCESO ADICIONAL DE MATERIA--NOMBRE DE PERSONA
Nombre de persona Mon, Alejandro.
9 (RLIN) 82091
710 2# - ENTRADA AGREGADA--NOMBRE DE ENTIDAD CORPORATIVA
Nombre de entidad corporativa o nombre de jurisdicción como elemento de entrada Real Instituto de Estudios Asturianos.
9 (RLIN) 196189
852 ## - LOCALIZACIÓN
Ubicación ES-MaACL
Número de control de estantería 2164-F-21
Sublocalización o colección R.130367
Holdings
Estatus retirado Estado de pérdida Estado de daño No para préstamo Colección Biblioteca de origen Biblioteca actual Ubicación en estantería Fecha de adquisición Fuente de adquisición Total de préstamos Signatura topográfica completa Código de barras Visto por última vez Precio de reemplazo Tipo de ítem Koha
        Colección de folletos Biblioteca del Ateneo de Madrid Biblioteca del Ateneo de Madrid Depósito folletos 17/01/2008     2164-F-21 1018362 23/02/2023 23/02/2023 Folleto